003980000a22001210004500090001700000245010900017041001400126700003600140100002400176942001300200773004600213999001700259 aAsbSeriadas10aCartografía del medio naturalslos casos de la Llanura del Caribe y de la cuenca del río Ranchería0 aEspañol1 aPérez Preciado, Alfonso986771 aTihay, J. P.999927 cARTICULO1 tColombia Geográficah2q95-101d1980g7 c15689d15689